Born in Georgia / Contemporary Art from Georgia (Record no. 1894)

000 -LEADER
fixed length control field 00702nam a22002177a 4500
005 - DATE AND TIME OF LATEST TRANSACTION
control field 20210419075740.0
008 - FIXED-LENGTH DATA ELEMENTS--GENERAL INFORMATION
fixed length control field 210304s2009 ||||| |||| 00| 0 engdut d
020 ## - INTERNATIONAL STANDARD BOOK NUMBER
International Standard Book Number 9789078670094
040 ## - CATALOGING SOURCE
Original cataloging agency eng
Transcribing agency DLC
041 ## - LANGUAGE CODE
Language code of text/sound track or separate title eng
-- dut
080 ## - UNIVERSAL DECIMAL CLASSIFICATION NUMBER
Universal Decimal Classification number 7
Item number S-23
100 ## - MAIN ENTRY--PERSONAL NAME
9 (RLIN) 1236
Personal name Sassen, Hein. Jan
245 ## - TITLE STATEMENT
Title Born in Georgia / Contemporary Art from Georgia
Remainder of title : hedendaagse kunst uit georgie
Statement of responsibility, etc. / by: Cobra Museum voor Moderne Kunst Amstelveen
260 ## - PUBLICATION, DISTRIBUTION, ETC.
Place of publication, distribution, etc. Amsterdam
Name of publisher, distributor, etc. Cobra Museum voor Moderne Kunst Amstelveen
Date of publication, distribution, etc. 2009
300 ## - PHYSICAL DESCRIPTION
Extent 88 p.
Other physical details ill.
650 #0 - SUBJECT ADDED ENTRY--TOPICAL TERM
9 (RLIN) 447
Topical term or geographic name entry element Art
653 ## - INDEX TERM--UNCONTROLLED
Uncontrolled term ხელოვნება
700 ## - ADDED ENTRY--PERSONAL NAME
9 (RLIN) 1237
Personal name Sharp, A. Jane
700 ## - ADDED ENTRY--PERSONAL NAME
9 (RLIN) 1238
Personal name Edzgveradze, Gia
942 ## - ADDED ENTRY ELEMENTS (KOHA)
Source of classification or shelving scheme
Koha item type Books
Holdings
Withdrawn status Lost status Source of classification or shelving scheme Damaged status Not for loan Permanent location Current location Date acquired Inventory number Total Checkouts Full call number Barcode Date last seen Price effective from Koha item type
          Ken Walker International University Ken Walker International University 03/04/2021 1615   7 S-23 1615 03/04/2021 03/04/2021 Books

Powered by Koha